| 000 | 00423nam a2200145Ia 4500 | ||
|---|---|---|---|
| 008 | 231129s2000||||xx |||||||||||||| ||spa|| | ||
| 020 | _a958-33-1194-4 | ||
| 040 | _bspa | ||
| 082 | _aCo863.0861252 C718 | ||
| 100 | _aColombia. Corporacion Festival de Cuenteros. | ||
| 245 | 0 | _aAbra la palabra: antologia de festivales | |
| 260 | _c2000 | ||
| 264 | _aLa Corporacion | ||
| 942 |
_2ddc _cBKS |
||
| 999 |
_c4449 _d4449 |
||